Marmeláda : oranžová panda /

Obrázková knížka s příběhem o malé pandičce s neobvyklou barvou.

Uloženo v:
Hlavní autor: Walliams, David, 1971- (Autor)
Další autoři: Stower, Adam (Autor), Volhejnová, Veronika, 1962- (Ilustrátor)
Médium: Kniha
Jazyk:Czech
Vydáno: Praha : Argo, 2026
Vydání:Vydání první
Témata:
Celkem bylo vypůjčeno:0x
Tagy:
Žádné tagy
LEADER 02555nam a2200517 i 4500
001 106427
003 CZ PrNK
005 20260602075756.0
007 ta
008 260402s2026 xr a a 000 j cze
015 |a cnb003748558 
020 |a 9788025749753  |q (vázáno) 
040 |a ABG001  |b cze  |e rda 
041 1 |a cze  |h eng 
072 7 |a 821.111-3  |x Anglická próza, anglicky psaná  |2 Konspekt  |9 25 
072 7 |a 821-93  |x Literatura pro děti a mládež (beletrie)  |2 Konspekt  |9 26 
080 |a 821.111-32  |2 MRF 
080 |a 821-93  |2 MRF 
080 |a (0:82-321.5)  |2 MRF 
100 1 |a Walliams, David,  |d 1971-  |7 xx0158956  |4 aut  |9 21057 
240 1 0 |a Marmelade.  |l Česky 
245 1 0 |a Marmeláda :  |b oranžová panda /  |c David Walliams ; ilustroval úžasný Adam Stower ; přeložila Veronika Volhejnová 
246 3 0 |a Oranžová panda 
250 |a Vydání první 
264 1 |a Praha :  |b Argo,  |c 2026 
300 |a 32 nečíslovaných stran :  |b barevné ilustrace ;  |c 28 cm 
336 |a text  |b txt  |2 rdacontent 
336 |a statický obraz  |b sti  |2 rdacontent 
337 |a bez média  |b n  |2 rdamedia 
338 |a svazek  |b nc  |2 rdacarrier 
500 |a Přeloženo z angličtiny 
520 2 |a Obrázková knížka s příběhem o malé pandičce s neobvyklou barvou.  |b Jednoho dne se v hlubokém lese narodila maličká panda. Byla překrásná, až na to, že měla jinou barvu srsti než ostatní pandy... Byla oslnivě oranžová! Šťastná pandí maminka jí proto dala jméno Marmeláda. Jenže černo-bílé pandy zlostně prohlásily, že to oranžové mládě do jejich smečky nepatří. A tak se malá panda rozhodla, že se vydá zjistit, kde je její opravdová rodina. A cesta to byla náramně dobrodružná, zavedla pandu k oranžovým ibisům, opicím, ba i tygrům... Nakladatelská anotace. 
521 8 |a Pro začínající čtenáře 
655 7 |a anglické příběhy  |7 fd131813  |2 czenas  |9 53420 
655 7 |a humoristické příběhy  |7 fd132430  |2 czenas  |9 53633 
655 7 |a publikace pro děti  |7 fd133156  |2 czenas  |9 23 
655 9 |a English stories  |2 eczenas 
655 9 |a humorous stories  |2 eczenas 
655 9 |a children's literature  |2 eczenas 
700 1 |a Stower, Adam  |7 xx0067516  |4 ill  |9 115216 
700 1 |a Volhejnová, Veronika,  |d 1962-  |7 jn20010309724  |4 trl  |9 21152 
710 2 |a Nakladatelství Argo  |7 ko2002160146  |4 pbl  |9 117117 
910 |a UOG502 
942 |2 ddc  |c KN 
999 |d 106427 
993 |0 0  |1 421180107141  |2 ddc  |4 0  |6 M  |7 0  |9 99848  |b 0  |c 107141  |d 2026-06-02  |e 0  |f M  |g M  |h 398.00  |i Koupě  |l M  |r 2026-06-02  |t 8  |w 2026-06-02  |y KN  |z BELET  |n